Normal view
MARC view
- الرياضيات
Entry Topical Term
001 - CONTROL NUMBER
- control field: 45918
003 - CONTROL NUMBER IDENTIFIER
- control field: JO-AjAnu
005 - DATE AND TIME OF LATEST TRANSACTION
- control field: 20230606081607.0
008 - FIXED-LENGTH DATA ELEMENTS
- fixed length control field: 230606|| aca||aabn | a|a d
040 ## - CATALOGING SOURCE
- Original cataloging agency: JO-AjAnu
- Transcribing agency: JO-AjAnu
150 ## - HEADING--TOPICAL TERM
- Topical term or geographic name entry element: الرياضيات
670 ## - SOURCE DATA FOUND
- Source citation: Work cat.: (JO-AjAnu)23506: تاليف شاكر، محمود, author 45917, نظريات وقوانين جديدة: القاعدة الذهبية في القطع المكافىء والمنحنيات كثيرة الحدود: المثلث - الدائرة - المظلعات - الخط المستقيم - الأشكال الرعية، الجزء الثاني